000 00918nam a22003017a 4500
003 CHAP
005 20220329134435.0
008 971013s1974 r 00010 d
010 _a20528
011 _a21500
035 _a25590
040 _cCHAP
082 _a631.4
_bD6
100 0 0 _aDoing, H.
_933713
245 _aLandscape ecology of sane dune areas berween Wassenear and Ijmuiden, Netherlands
260 _aWageningen :
_bVeenman & Zonen,
_c1974
300 _a111 p.
490 _aMededelingen Landbouwhogeschool
_v; 74-12
500 _aTexto en holandés
590 _aBATCH-UPD
_b10
_c20130110
_lUCH01
_h1115
590 _aCONVERSION
_b10
_c20130109
_lUCH01
_h1312
650 1 4 _aDunas.
_934457
650 1 4 _aPaisaje.
_984761
830 0 _aMededelingen Landbouwhogeschool
_v; 74-12
_973858
901 _aBK
942 _cLIBRO
949 _a631.4 D6
_bBC
_cLIBRO
_d33724000061388
_eLIBRO
_h43485
_i25590
_mD
_si
999 _c20528
_d20528